000 00301nam a22001217a 4500
008 170324b xxu||||| |||| 00| 0 eng d
041 _aeng
080 _a615.83
100 _a8
101 _aSHM
245 _aMETHODS IN PHYSICAL EDUCATION AND HEALTH FOR SECONDARY SCHOOLS
_cDAUGHTREY
942 _2udc
_cBK
999 _c8620
_d8620